Piłkarze Reprezentacji Maroka - nagła śmierć - Statystyki

Ogólne statystyki
  • Ten quiz został rozwiązany 50 razy
  • Średni wynik to 7 z 12
Answers on the Grid
Answers color-coded by a green-red scale on the quiz's grid according to % correct below.
Anwar El Ghazi
Noussair Mazraoui
Hamza Igamane
Sofyan Amrabat
Youcef Belaïli
Adam Masina
Stephan El Shaarawy
Achraf Hakimi
Brahim Díaz
Naïm Sliti
Youssef En-Nesyri
Yassine Bounou
Adlène Guedioura
Munir El Haddadi
Mbark Boussoufa
Mohamed Elneny
Eliesse Ben Seghir
Romain Saïss
 
Statystyki odpowiedzi
Odpowiedź % Poprawnych
Achraf Hakimi
89%
Sofyan Amrabat
83%
Noussair Mazraoui
78%
Yassine Bounou
78%
Youssef En-Nesyri
78%
Brahim Díaz
72%
Mbark Boussoufa
56%
Munir El Haddadi
50%
Eliesse Ben Seghir
47%
Romain Saïss
47%
Adam Masina
14%
Hamza Igamane
8%
Nie znaleziono quizów pasujących do podanych kryteriów
Rozkład punktacji
Procent ludzi z każdym wynikiem
Percentyl według liczby udzielonych odpowiedzi
Twoja historia wyników
Nie rozwiązałeś tego quizu